Glasnik Hemijskog drustva Beograd. : Bulletin de la Societe chimique Beograd.
| Corporate Author: | |
|---|---|
| Format: | Serial |
| Language: | Serbian English Croatian |
| Language Notes: | Tables of contents also in English, French, or other languages; summaries in English, French, or other languages. |
| Published: |
Beograd.
[publisher not identified] ;
|
| Subjects: | |
| Online Availability: |
|
MARC
| Tag | First Indicator | Second Indicator | Subfields |
|---|---|---|---|
| LEADER | 00000cas a2200000 4500 | ||
| 001 | in00000756830 | ||
| 005 | 20151017051251.0 | ||
| 008 | 790130 yu 0 u sccr | ||
| 010 | |a 59036450 | ||
| 022 | |a 0017-0941 | ||
| 035 | |a (OCoLC)04601834 | ||
| 035 | |9 ADK5482AM | ||
| 040 | |a DLC |c GUA |d GUA |d COO |d TXA |d UtOrBLW | ||
| 041 | 0 | |a scc |a eng |a scr |b fre |b mul | |
| 043 | |a e-ur--- | ||
| 049 | |a TXAE | ||
| 050 | 0 | 0 | |a QD1 |b S673 |
| 110 | 2 | |a Srpsko hemijsko društvo. | |
| 245 | 1 | 0 | |a Glasnik Hemijskog drustva Beograd. : |b Bulletin de la Societe chimique Beograd. |
| 246 | 3 | 0 | |a Bulletin de la Societe chimique Beograd |
| 246 | 1 | 3 | |a Documenta chemica Jugoslavica |f v. 22- |
| 264 | 1 | |a Beograd. |b [publisher not identified] ; | |
| 300 | |a volumes : |b illustrations ; |c 23 cm. | ||
| 310 | |a Ten no. a year, |b 1953- | ||
| 321 | |a Quarterly, |b 19 -52 | ||
| 336 | |a text |b txt |2 rdacontent | ||
| 337 | |a unmediated |b n |2 rdamedia | ||
| 338 | |a volume |b nc |2 rdacarrier | ||
| 362 | 0 | |a kn. 1- 1930- | |
| 546 | |a Tables of contents also in English, French, or other languages; summaries in English, French, or other languages. | ||
| 650 | 0 | |a Chemistry |v Periodicals. | |
| 999 | |a MARS | ||
| 999 | f | f | |s 195a4e27-454b-3696-8f75-7727fcb963e9 |i a6c3e3a7-6373-3a64-8258-ec4e1eb9dfa4 |t 0 |
| 952 | f | f | |p serial |a Texas A&M University |b College Station |c Sterling C. Evans Library |d Evans: Library Stacks |t 0 |e QD1 S673 |h Library of Congress classification |i unmediated -- volume |k v.46:no.1-4 |l 1980-1981 |m A14827871071 |
| 952 | f | f | |p serial |a Texas A&M University |b College Station |c Sterling C. Evans Library |d Evans: Library Stacks |t 0 |e QD1 S673 |h Library of Congress classification |i unmediated -- volume |k v.45:no.9-11 |l 1980 |m A14827871518 |
| 952 | f | f | |p serial |a Texas A&M University |b College Station |c Sterling C. Evans Library |d Evans: Library Stacks |t 0 |e QD1 S673 |h Library of Congress classification |i unmediated -- volume |k v.45:no.1-5 |l 1980 |m A14827484581 |
| 952 | f | f | |p serial |a Texas A&M University |b College Station |c Sterling C. Evans Library |d Evans: Library Stacks |t 0 |e QD1 S673 |h Library of Congress classification |i unmediated -- volume |k v.44:no.9-10 |l 1979 |m A14827871063 |
| 998 | f | f | |a QD1 S673 |s v.46:no.1 (1980)-v.46:no.4 (1981) |t 0 |l Evans: Library Stacks |